000
00194 a2200097 4500
020
_a
9781558855922
041
_a
eng
100
_a
Silvio Sirias
245
_a
Meet me under the ceiba
942
_c
BK
999
_c
13792
_d
13792